Virginia High School Mascots - Statistics

General Stats
  • This quiz has been taken 9 times
  • The average score is 131 of 356
Answer Stats
Hint Answer % Correct
Auburn | Clarke County | Colonial Forge | +17 others Eagles
89%
Brentsville District | Hargrave Military | Honaker | +6 others Tigers
78%
Goochland | Hylton | King's Fork | +9 others Bulldogs
67%
Abingdon | Briar Woods | Central Woodstock | +5 others Falcons
67%
Gretna | Hanover | Hayfield | +3 others Hawks
67%
Fairfax | Louisa County | Tallwood | +2 others Lions
67%
Albemarle | Denbigh | First Colonial | +4 others Patriots
67%
Central Wise | Chilhowie | Henrico | +9 others Warriors
67%
Caroline | Carroll County | Charlottesville | +9 others Cavaliers
56%
Alleghany | Collegiate | Courtland | +8 others Cougars
56%
Kenston Forest Kavaliers
56%
Northside | Woodbridge Vikings
56%
Armstrong | Centreville | Dan River | +5 others Wildcats
56%
Riverbend | Union Bears
44%
Fort Defiance | Northumberland | Powhatan | +3 others Indians
44%
Bishop O'Connell | Blessed Sacrament Huguenot | Cave Spring | +7 others Knights
44%
Eastern Montgomery | Manor | Mechanicsville | +2 others Mustangs
44%
Bruton | Charles City | Hermitage | +9 others Panthers
44%
South Lakes Seahawks
44%
Broad Run | Eastside | Giles | +3 others Spartans
44%
Essex | John Battle | Midlothian | +2 others Trojans
44%
Justice Wolves
44%
Brookville Bees
33%
Castlewood | Culpeper County | Fort Union Military | +5 others Blue Devils
33%
Bethel | Blacksburg | Forest Park | +2 others Bruins
33%
Floyd County Buffaloes
33%
Bishop Ireton | Gainesville Cardinals
33%
Cape Henry Collegiate | Chesapeake Bay | Ocean Lakes Dolphins
33%
Dinwiddie | Lee | Washington-Liberty | William Campbell Generals
33%
Deep Creek | Herndon Hornets
33%
Amherst County | Lewis | Manchester Lancers
33%
Amelia County | Appomattox County | Atlee | +5 others Raiders
33%
Riverside Ram
33%
Lafayette | Robinson | Strasburg Rams
33%
Nasemond-Suffolk | St. Anne's-Belfield | St. Catherine's | +2 others Saints
33%
Charles J. Colgan Sharks
33%
Alexandria City | Cosby | Dominion | +4 others Titans
33%
North Stafford | West Potomac | Woodgrove | Woodside Wolverines
33%
Battlefield | Radford Bobcats
22%
Franklin Broncos
22%
Bath County | Chancellor | Chantilly | +3 others Chargers
22%
Kempsville | Monacan Chiefs
22%
Granby | Halifax County Comets
22%
Catholic | Ridgeview Christian Crusaders
22%
Narrows Greenwave
22%
Glenvar | McLean Highlanders
22%
Heritage (Newport News) Hurricanes
22%
Flint Hill | Tuscarora Huskies
22%
Bayside Marlins
22%
Colonial Heights | Denbigh Baptist Christian | Liberty (Bedford) Minutemen
22%
Madison County Mountaineers
22%
Smithfield Packers
22%
Lancaster | Rustburg Red Devils
22%
Prince George Royals
22%
James Madison Warhawks
22%
James Monroe Yellow Jackets
22%
Northampton | Osbourn Park Yellowjackets
22%
Annandale Atoms
11%
Blue Ridge Barons
11%
Virginia Bearcats
11%
Bassett Bengals
11%
Indian River Braves
11%
Benedictine Cadets
11%
Roanoke Catholic Celtics
11%
Altavista | Fleming | James Wood | Massanutten Military Colonels
11%
Thomas Jefferson Colonials
11%
Hampton Crabbers
11%
Eastern View Cyclones
11%
Murray Dragons
11%
Gloucester | Windsor Dukes
11%
King George Foxes
11%
Greenbrier Christian | Saint Gertrude Gators
11%
Riverheads Gladiators
11%
Staunton River Golden Eagles
11%
Nelson County Governors
11%
Grassfield Grizzlies
11%
Glass Hilltoppers
11%
Poquoson Islanders
11%
Freeman | Miller School of Albermarle Mavericks
11%
Meadowbrook | Menchville Monarchs
11%
Norfolk Collegiate Oaks
11%
Norview Pilots
11%
Fort Chiswell | Heritage (Lynchburg) | Lebanon | +3 others Pioneers
11%
Rocktown Raptors
11%
Hurley | Patrick Henry (Glade Spring) Rebels
11%
Gar-Field Red Wolves
11%
Langley Saxons
11%
Shenandoah Valley Stars
11%
George C. Marshall | Randolph-Henry Statesmen
11%
Churchland Truckers
11%
Saint John Paul the Great Wolfpack
11%
Norfolk Christian Ambassadors
0%
Buffalo Gap Bisons
0%
Brooke Point Black Hawks
0%
Christiansburg Blue Demons
0%
Harrisonburg Blue Streaks
0%
Richlands Blue Tornado
0%
Lightridge Bolts
0%
Fishbourne Military Caissons
0%
Loudoun County Captains
0%
Grafton Clippers
0%
Council Cobras
0%
Maury Commodores
0%
Petersburg Crimson Wave
0%
Colonial Beach Drifters
0%
Virginia Episcopal Fighting Bishops
0%
Parry McCluer Fighting Blues
0%
Orange County Fighting Hornets
0%
Chincoteague Fighting Ponys
0%
Arcadia Firebirds
0%
Eastern Mennonite Flames
0%
Fluvanna County Flying Flucos
0%
Graham G-Men
0%
Broadway Gobblers
0%
Grundy Golden Wave
0%
Wilson Memorial Green Hornets
0%
I.C. Norcom Greyhounds
0%
Trinity Christian Gryphons
0%
Falls Church | Glen Allen Jaguars
0%
Handley Judges
0%
John Marshall Justices
0%
Waynesboro Little Giants
0%
Mount Vernon Majors
0%
Episcopal Maroon
0%
Galax Maroon Tide
0%
George Wythe Marrons
0%
Booker T. Washington Mighty Bookers
0%
Hampton Roads Navigators
0%
Phoebus Phantoms
0%
Mecklenburg County | Rock Ridge Phoenix
0%
West Point Pointers
0%
Heritage (Leesburg) Pride
0%
James River (Midlothian) Rapids
0%
Marion Senior Scarlet Hurricanes
0%
St. Margaret's Scottie Dog
0%
L.C. Bird Skyhawks
0%
Highland Springs Springers
0%
Green Run | South County Stallions
0%
Staunton Storm
0%
Salem (Virginia Beach) Sundevils
0%
William Byrd Terriers
0%
Spotswood Trailblazers
0%
Chatham Hall Turtles
0%
No matching quizzes found
Score Distribution
Percent of People with Each Score
Percentile by Number Answered
Your Score History
You have not taken this quiz